[Event "April 9 Late 2024"]
[Site "Chess.com"]
[Date "2024.04.09"]
[Round "9"]
[White "Venkatesh, Narayan"]
[Black "Estrada Nieto, Julian"]
[Result "1-0"]
[Board "91"]
[WhiteFideId "30987881"]
[BlackFideId "5101018"]
[WhiteTitle "CM"]
[BlackTitle "IM"]
[WhiteElo "2343"]
[BlackElo "2491"]
[WhiteTeam "USA"]
[BlackTeam "MEX"]
[WhiteClock "0:00:28"]
[BlackClock "0:00:13"]
[Variant "Standard"]

1. d4 {[%clk 0:02:59]}  d5 {[%clk 0:03:00]} 2. Nf3 {[%clk 0:02:58]}  Nf6 {[%clk 0:03:00]} 3. c4 {[%clk 0:02:58]}  dxc4 {[%clk 0:03:01]} 4. e3 {[%clk 0:02:58]}  e6 {[%clk 0:03:01]} 5. Bxc4 {[%clk 0:02:57]}  a6 {[%clk 0:03:02]} 6. O-O {[%clk 0:02:57]}  c5 {[%clk 0:03:03]} 7. Be2 {[%clk 0:02:55]}  Nc6 {[%clk 0:03:00]} 8. Nc3 {[%clk 0:02:54]}  cxd4 {[%clk 0:02:59]} 9. exd4 {[%clk 0:02:54]}  Be7 {[%clk 0:02:59]} 10. Bg5 {[%clk 0:02:53]}  O-O {[%clk 0:02:58]} 11. Qd2 {[%clk 0:02:52]}  b5 {[%clk 0:02:53]} 12. Rfd1 {[%clk 0:02:44]}  Bb7 {[%clk 0:02:53]} 13. Rac1 {[%clk 0:02:39]}  Nb4 {[%clk 0:02:51]} 14. Ne5 {[%clk 0:02:36]}  Nbd5 {[%clk 0:02:39]} 15. Bf3 {[%clk 0:02:29]}  Ra7 {[%clk 0:02:18]} 16. Nxd5 {[%clk 0:02:16]}  Nxd5 {[%clk 0:02:13]} 17. Bxe7 {[%clk 0:02:12]}  Nxe7 {[%clk 0:02:13]} 18. Qf4 {[%clk 0:02:07]}  Bxf3 {[%clk 0:02:09]} 19. Qxf3 {[%clk 0:02:07]}  Rc7 {[%clk 0:02:07]} 20. Nc6 {[%clk 0:01:58]}  Nxc6 {[%clk 0:02:06]} 21. Rxc6 {[%clk 0:01:57]}  Rxc6 {[%clk 0:01:52]} 22. Qxc6 {[%clk 0:01:57]}  Qc8 {[%clk 0:01:52]} 23. d5 {[%clk 0:01:49]}  exd5 {[%clk 0:01:47]} 24. Qxd5 {[%clk 0:01:49]}  g6 {[%clk 0:01:44]} 25. g3 {[%clk 0:01:45]}  Qc2 {[%clk 0:01:40]} 26. Rd2 {[%clk 0:01:44]}  Qb1+ {[%clk 0:01:37]} 27. Kg2 {[%clk 0:01:44]}  Re8 {[%clk 0:01:36]} 28. Qc6 {[%clk 0:01:34]}  Qe4+ {[%clk 0:01:31]} 29. Qxe4 {[%clk 0:01:34]}  Rxe4 {[%clk 0:01:32]} 30. Rd6 {[%clk 0:01:34]}  Ra4 {[%clk 0:01:31]} 31. a3 {[%clk 0:01:34]}  Kf8 {[%clk 0:01:31]} 32. Kf3 {[%clk 0:01:33]}  Ke7 {[%clk 0:01:31]} 33. Rb6 {[%clk 0:01:32]}  Kd7 {[%clk 0:01:28]} 34. Ke3 {[%clk 0:01:30]}  h5 {[%clk 0:01:11]} 35. f3 {[%clk 0:01:29]}  h4 {[%clk 0:01:11]} 36. Kd3 {[%clk 0:01:28]}  hxg3 {[%clk 0:01:10]} 37. hxg3 {[%clk 0:01:27]}  g5 {[%clk 0:01:10]} 38. Kc3 {[%clk 0:01:26]}  g4 {[%clk 0:01:10]} 39. f4 {[%clk 0:01:20]}  Re4 {[%clk 0:01:10]} 40. Kd3 {[%clk 0:01:20]}  Re6 {[%clk 0:01:09]} 41. Rb7+ {[%clk 0:01:19]}  Ke8 {[%clk 0:01:10]} 42. b4 {[%clk 0:01:14]}  Rc6 {[%clk 0:01:07]} 43. Kd4 {[%clk 0:01:12]}  f6 {[%clk 0:01:02]} 44. Rg7 {[%clk 0:01:09]}  Rd6+ {[%clk 0:01:00]} 45. Ke4 {[%clk 0:01:08]}  Rc6 {[%clk 0:00:59]} 46. Kf5 {[%clk 0:00:58]}  Kf8 {[%clk 0:00:55]} 47. Rxg4 {[%clk 0:00:56]}  Rc3 {[%clk 0:00:55]} 48. Kxf6 {[%clk 0:00:56]}  Rxa3 {[%clk 0:00:55]} 49. f5 {[%clk 0:00:55]}  a5 {[%clk 0:00:47]} 50. bxa5 {[%clk 0:00:55]}  Rxa5 {[%clk 0:00:47]} 51. Rb4 {[%clk 0:00:52]}  Ra6+ {[%clk 0:00:39]} 52. Kg5 {[%clk 0:00:50]}  Ra5 {[%clk 0:00:38]} 53. g4 {[%clk 0:00:49]}  Kf7 {[%clk 0:00:38]} 54. Rd4 {[%clk 0:00:48]}  Ra7 {[%clk 0:00:35]} 55. Kf4 {[%clk 0:00:46]}  Rb7 {[%clk 0:00:35]} 56. Rb4 {[%clk 0:00:42]}  Ke7 {[%clk 0:00:35]} 57. g5 {[%clk 0:00:42]}  Kd6 {[%clk 0:00:35]} 58. f6 {[%clk 0:00:40]}  Ke6 {[%clk 0:00:32]} 59. Re4+ {[%clk 0:00:38]}  Kd5 {[%clk 0:00:24]} 60. g6 {[%clk 0:00:37]}  Rb6 {[%clk 0:00:20]} 61. Re5+ {[%clk 0:00:36]}  Kd4 {[%clk 0:00:20]} 62. Kf5 {[%clk 0:00:35]}  b4 {[%clk 0:00:17]} 63. f7 {[%clk 0:00:34]}  Rb8 {[%clk 0:00:15]} 64. g7 {[%clk 0:00:34]}  b3 {[%clk 0:00:15]} 65. f8=Q {[%clk 0:00:32]}  b2 {[%clk 0:00:15]} 66. Qxb8 {[%clk 0:00:30]}  b1=Q+ {[%clk 0:00:13]} 67. Qxb1 {[%clk 0:00:28]} 1-0

[Event "April 9 Late 2024"]
[Site "Chess.com"]
[Date "2024.04.09"]
[Round "9"]
[White "Ferriz Barrios, Andres"]
[Black "Mizzi, Jack"]
[Result "0-1"]
[Board "93"]
[WhiteFideId "5104467"]
[BlackFideId "5602521"]
[WhiteTitle "FM"]
[BlackTitle "CM"]
[WhiteElo "2335"]
[BlackElo "2459"]
[WhiteTeam "MEX"]
[BlackTeam "MLT"]
[WhiteClock "0:01:14"]
[BlackClock "0:01:34"]
[Variant "Standard"]

1. d4 {[%clk 0:02:56]}  Nf6 {[%clk 0:02:59]} 2. Nf3 {[%clk 0:02:57]}  e6 {[%clk 0:02:59]} 3. Nbd2 {[%clk 0:02:57]}  d5 {[%clk 0:02:59]} 4. e3 {[%clk 0:02:57]}  Be7 {[%clk 0:02:59]} 5. Bd3 {[%clk 0:02:57]}  O-O {[%clk 0:02:58]} 6. O-O {[%clk 0:02:57]}  Nbd7 {[%clk 0:02:58]} 7. Qe2 {[%clk 0:02:57]}  c5 {[%clk 0:02:55]} 8. c3 {[%clk 0:02:57]}  b6 {[%clk 0:02:47]} 9. e4 {[%clk 0:02:57]}  dxe4 {[%clk 0:02:45]} 10. Nxe4 {[%clk 0:02:57]}  Bb7 {[%clk 0:02:45]} 11. Nfg5 {[%clk 0:02:58]}  h6 {[%clk 0:02:41]} 12. Nxf6+ {[%clk 0:02:57]}  Nxf6 {[%clk 0:02:41]} 13. Nf3 {[%clk 0:02:46]}  cxd4 {[%clk 0:02:41]} 14. Nxd4 {[%clk 0:02:44]}  Rc8 {[%clk 0:02:36]} 15. Rd1 {[%clk 0:02:42]}  Qc7 {[%clk 0:02:33]} 16. Qe3 {[%clk 0:02:28]}  Rfd8 {[%clk 0:02:30]} 17. Qg3 {[%clk 0:02:24]}  Bd6 {[%clk 0:02:28]} 18. Qh4 {[%clk 0:02:23]}  Be7 {[%clk 0:02:26]} 19. Bxh6 {[%clk 0:02:22]}  gxh6 {[%clk 0:02:21]} 20. Qxh6 {[%clk 0:02:21]}  Qe5 {[%clk 0:02:21]} 21. Re1 {[%clk 0:02:17]}  Qh5 {[%clk 0:02:19]} 22. Qe3 {[%clk 0:01:59]}  Kh8 {[%clk 0:02:12]} 23. f3 {[%clk 0:01:48]}  Nd5 {[%clk 0:02:08]} 24. Qe5+ {[%clk 0:01:43]}  Qxe5 {[%clk 0:02:07]} 25. Rxe5 {[%clk 0:01:44]}  Nf4 {[%clk 0:02:07]} 26. Bf1 {[%clk 0:01:43]}  Bf6 {[%clk 0:02:04]} 27. Ree1 {[%clk 0:01:31]}  Bxd4+ {[%clk 0:02:03]} 28. cxd4 {[%clk 0:01:32]}  Rxd4 {[%clk 0:02:01]} 29. g3 {[%clk 0:01:32]}  Ng6 {[%clk 0:01:58]} 30. f4 {[%clk 0:01:31]}  Bd5 {[%clk 0:01:58]} 31. Rac1 {[%clk 0:01:30]}  Rxc1 {[%clk 0:01:53]} 32. Rxc1 {[%clk 0:01:31]}  Kg7 {[%clk 0:01:52]} 33. Rc7 {[%clk 0:01:28]}  a5 {[%clk 0:01:51]} 34. a3 {[%clk 0:01:27]}  Rd2 {[%clk 0:01:48]} 35. b4 {[%clk 0:01:27]}  axb4 {[%clk 0:01:48]} 36. axb4 {[%clk 0:01:28]}  Kf6 {[%clk 0:01:45]} 37. h4 {[%clk 0:01:24]}  Bf3 {[%clk 0:01:38]} 38. Rc3 {[%clk 0:01:21]}  Bg4 {[%clk 0:01:37]} 39. b5 {[%clk 0:01:21]}  Ne7 {[%clk 0:01:35]} 40. Re3 {[%clk 0:01:18]}  Nf5 {[%clk 0:01:35]} 41. Rc3 {[%clk 0:01:14]}  Nd4 {[%clk 0:01:34]} 0-1

[Event "April 9 Late 2024"]
[Site "Chess.com"]
[Date "2024.04.09"]
[Round "9"]
[White "Martinez Lopez, David"]
[Black "Bueno, Alfeu Junior Varela"]
[Result "1-0"]
[Board "94"]
[WhiteFideId "22235779"]
[BlackFideId "2108879"]
[WhiteTitle "FM"]
[BlackTitle "FM"]
[WhiteElo "2335"]
[BlackElo "2449"]
[WhiteTeam "ESP"]
[BlackTeam "BRA"]
[WhiteClock "0:00:15"]
[BlackClock "0:00:00"]
[Variant "Standard"]

1. e4 {[%clk 0:02:59]}  e6 {[%clk 0:02:59]} 2. d4 {[%clk 0:02:59]}  d5 {[%clk 0:02:59]} 3. Nc3 {[%clk 0:02:59]}  Nf6 {[%clk 0:03:00]} 4. Bg5 {[%clk 0:02:59]}  Be7 {[%clk 0:02:59]} 5. e5 {[%clk 0:02:59]}  Nfd7 {[%clk 0:03:00]} 6. Bxe7 {[%clk 0:02:59]}  Qxe7 {[%clk 0:03:01]} 7. f4 {[%clk 0:02:59]}  O-O {[%clk 0:03:01]} 8. Qg4 {[%clk 0:02:57]}  c5 {[%clk 0:03:00]} 9. Nf3 {[%clk 0:02:45]}  cxd4 {[%clk 0:02:56]} 10. Nxd4 {[%clk 0:02:43]}  Nc6 {[%clk 0:02:56]} 11. O-O-O {[%clk 0:02:38]}  Nxd4 {[%clk 0:02:51]} 12. Rxd4 {[%clk 0:02:39]}  f6 {[%clk 0:02:52]} 13. Qg3 {[%clk 0:01:57]}  fxe5 {[%clk 0:02:37]} 14. fxe5 {[%clk 0:01:58]}  Rf5 {[%clk 0:02:37]} 15. Rg4 {[%clk 0:01:56]}  Nxe5 {[%clk 0:02:36]} 16. Rf4 {[%clk 0:01:40]}  Qg5 {[%clk 0:02:21]} 17. Qxg5 {[%clk 0:01:38]}  Rxg5 {[%clk 0:02:22]} 18. h4 {[%clk 0:01:32]}  Rg4 {[%clk 0:02:13]} 19. Rf2 {[%clk 0:01:28]}  Bd7 {[%clk 0:02:07]} 20. Be2 {[%clk 0:01:27]}  Rg3 {[%clk 0:02:07]} 21. Re1 {[%clk 0:01:24]}  Ng4 {[%clk 0:01:57]} 22. Rf4 {[%clk 0:01:21]}  Nf6 {[%clk 0:01:51]} 23. Rb4 {[%clk 0:01:17]}  b6 {[%clk 0:01:35]} 24. Bf3 {[%clk 0:01:17]}  Rc8 {[%clk 0:01:28]} 25. Ne2 {[%clk 0:01:16]}  Rg6 {[%clk 0:01:22]} 26. Nf4 {[%clk 0:01:16]}  Rh6 {[%clk 0:01:20]} 27. Nxe6 {[%clk 0:01:16]}  Ne4 {[%clk 0:01:09]} 28. Nf4 {[%clk 0:01:07]}  Rxh4 {[%clk 0:01:04]} 29. Nxd5 {[%clk 0:01:06]}  Re8 {[%clk 0:00:26]} 30. Rbxe4 {[%clk 0:01:01]}  Rexe4 {[%clk 0:00:24]} 31. Rxe4 {[%clk 0:01:00]}  Rh1+ {[%clk 0:00:24]} 32. Kd2 {[%clk 0:01:00]}  Kf8 {[%clk 0:00:23]} 33. Re7 {[%clk 0:00:55]}  Bc6 {[%clk 0:00:22]} 34. Rxa7 {[%clk 0:00:49]}  Rh5 {[%clk 0:00:19]} 35. c4 {[%clk 0:00:48]}  Re5 {[%clk 0:00:17]} 36. Rc7 {[%clk 0:00:46]}  Be8 {[%clk 0:00:15]} 37. Nxb6 {[%clk 0:00:43]}  Ra5 {[%clk 0:00:10]} 38. a3 {[%clk 0:00:42]}  h6 {[%clk 0:00:09]} 39. Nd7+ {[%clk 0:00:39]}  Ke7 {[%clk 0:00:08]} 40. Nb6+ {[%clk 0:00:32]}  Kd6 {[%clk 0:00:07]} 41. Rxg7 {[%clk 0:00:32]}  Kc5 {[%clk 0:00:05]} 42. Nd7+ {[%clk 0:00:28]}  Kxc4 {[%clk 0:00:05]} 43. Kc2 {[%clk 0:00:21]}  Rg5 {[%clk 0:00:01]} 44. Rxg5 {[%clk 0:00:21]}  hxg5 {[%clk 0:00:02]} 45. Nf6 {[%clk 0:00:21]}  Bg6+ {[%clk 0:00:02]} 46. Be4 {[%clk 0:00:21]}  Bf7 {[%clk 0:00:01]} 47. b3+ {[%clk 0:00:20]}  Kd4 {[%clk 0:00:02]} 48. Bd3 {[%clk 0:00:19]}  Ke3 {[%clk 0:00:00]} 49. b4 {[%clk 0:00:15]} 1-0

[Event "April 9 Late 2024"]
[Site "Chess.com"]
[Date "2024.04.09"]
[Round "9"]
[White "Belmonte, Diego Mariano"]
[Black "Dias, Simao Poscidonio"]
[Result "0-1"]
[Board "95"]
[WhiteFideId "105856"]
[BlackFideId "2103648"]
[WhiteTitle "FM"]
[BlackTitle "FM"]
[WhiteElo "2445"]
[BlackElo "2334"]
[WhiteTeam "ARG"]
[BlackTeam "BRA"]
[WhiteClock "0:00:00"]
[BlackClock "0:00:11"]
[Variant "Standard"]

1. d4 {[%clk 0:03:00]}  Nf6 {[%clk 0:02:58]} 2. Bg5 {[%clk 0:03:00]}  Ne4 {[%clk 0:02:55]} 3. Bf4 {[%clk 0:03:00]}  d5 {[%clk 0:02:55]} 4. f3 {[%clk 0:02:57]}  Nf6 {[%clk 0:02:55]} 5. e4 {[%clk 0:02:57]}  e6 {[%clk 0:02:53]} 6. Qd2 {[%clk 0:02:45]}  Be7 {[%clk 0:02:53]} 7. e5 {[%clk 0:02:31]}  Nfd7 {[%clk 0:02:53]} 8. Be3 {[%clk 0:02:31]}  c5 {[%clk 0:02:53]} 9. c3 {[%clk 0:02:30]}  Nc6 {[%clk 0:02:52]} 10. f4 {[%clk 0:02:30]}  f6 {[%clk 0:02:51]} 11. Nf3 {[%clk 0:02:28]}  O-O {[%clk 0:02:51]} 12. Be2 {[%clk 0:02:24]}  fxe5 {[%clk 0:02:48]} 13. fxe5 {[%clk 0:02:23]}  Bh4+ {[%clk 0:02:43]} 14. g3 {[%clk 0:02:14]}  Be7 {[%clk 0:02:40]} 15. O-O {[%clk 0:02:13]}  b6 {[%clk 0:02:36]} 16. Na3 {[%clk 0:02:07]}  cxd4 {[%clk 0:02:28]} 17. cxd4 {[%clk 0:02:05]}  Bb7 {[%clk 0:02:25]} 18. Rac1 {[%clk 0:01:47]}  Rc8 {[%clk 0:02:23]} 19. Bd3 {[%clk 0:01:38]}  Qe8 {[%clk 0:02:23]} 20. Bg5 {[%clk 0:01:20]}  Bb4 {[%clk 0:02:19]} 21. Qe3 {[%clk 0:01:11]}  Qh5 {[%clk 0:02:15]} 22. Nc2 {[%clk 0:01:05]}  Be7 {[%clk 0:01:48]} 23. Bxe7 {[%clk 0:01:00]}  Nxe7 {[%clk 0:01:48]} 24. Ng5 {[%clk 0:01:00]}  Rxf1+ {[%clk 0:01:32]} 25. Rxf1 {[%clk 0:00:58]}  Nf8 {[%clk 0:01:32]} 26. Qf4 {[%clk 0:00:47]}  Bc6 {[%clk 0:01:19]} 27. g4 {[%clk 0:00:44]}  Qe8 {[%clk 0:01:10]} 28. Ne3 {[%clk 0:00:37]}  Neg6 {[%clk 0:01:09]} 29. Qg3 {[%clk 0:00:36]}  h6 {[%clk 0:01:07]} 30. Nf3 {[%clk 0:00:33]}  Bb5 {[%clk 0:01:03]} 31. Bxb5 {[%clk 0:00:24]}  Qxb5 {[%clk 0:01:04]} 32. h4 {[%clk 0:00:24]}  Qxb2 {[%clk 0:01:04]} 33. h5 {[%clk 0:00:24]}  Ne7 {[%clk 0:01:00]} 34. Qf4 {[%clk 0:00:18]}  Nh7 {[%clk 0:00:52]} 35. Nh4 {[%clk 0:00:16]}  Rf8 {[%clk 0:00:48]} 36. Qg3 {[%clk 0:00:14]}  Qxd4 {[%clk 0:00:41]} 37. Rxf8+ {[%clk 0:00:13]}  Nxf8 {[%clk 0:00:41]} 38. Kg2 {[%clk 0:00:12]}  Qe4+ {[%clk 0:00:40]} 39. Kh2 {[%clk 0:00:11]}  Nh7 {[%clk 0:00:39]} 40. Nhg2 {[%clk 0:00:08]}  Ng5 {[%clk 0:00:38]} 41. Qf2 {[%clk 0:00:07]}  Qxe5+ {[%clk 0:00:36]} 42. Kh1 {[%clk 0:00:07]}  Ne4 {[%clk 0:00:27]} 43. Qc2 {[%clk 0:00:05]}  Ng3+ {[%clk 0:00:23]} 44. Kg1 {[%clk 0:00:05]}  d4 {[%clk 0:00:23]} 45. Nc4 {[%clk 0:00:04]}  Qc5 {[%clk 0:00:17]} 46. Qd3 {[%clk 0:00:03]}  Nd5 {[%clk 0:00:11]} 47. Nf4 {[%clk 0:00:03]}  Nxf4 {[%clk 0:00:09]} 48. Qxg3 {[%clk 0:00:02]}  Ne2+ {[%clk 0:00:10]} 49. Kg2 {[%clk 0:00:00]}  Nxg3 {[%clk 0:00:11]} 0-1

[Event "April 9 Late 2024"]
[Site "Chess.com"]
[Date "2024.04.09"]
[Round "9"]
[White "Shevchuk, Olexandr"]
[Black "Vifleemskaia, Svetlana"]
[Result "0-1"]
[Board "97"]
[WhiteFideId "14113775"]
[BlackFideId "4129490"]
[BlackTitle "WFM"]
[WhiteElo "2435"]
[BlackElo "2321"]
[WhiteTeam "UKR"]
[BlackTeam "RUS"]
[WhiteClock "0:02:00"]
[BlackClock "0:01:32"]
[Variant "Standard"]

1. d4 {[%clk 0:03:00]}  Nf6 {[%clk 0:02:59]} 2. c4 {[%clk 0:02:59]}  e6 {[%clk 0:02:57]} 3. g3 {[%clk 0:02:59]}  Bb4+ {[%clk 0:02:56]} 4. Bd2 {[%clk 0:02:59]}  Qe7 {[%clk 0:02:57]} 5. Bg2 {[%clk 0:03:00]}  Nc6 {[%clk 0:02:56]} 6. Nf3 {[%clk 0:03:00]}  O-O {[%clk 0:02:54]} 7. O-O {[%clk 0:03:00]}  Bxd2 {[%clk 0:02:54]} 8. Qxd2 {[%clk 0:02:57]}  Ne4 {[%clk 0:02:50]} 9. Qc2 {[%clk 0:02:56]}  d5 {[%clk 0:02:49]} 10. Nbd2 {[%clk 0:02:50]}  Nxd2 {[%clk 0:02:47]} 11. Nxd2 {[%clk 0:02:50]}  Nxd4 {[%clk 0:02:45]} 12. Qd3 {[%clk 0:02:50]}  Nc6 {[%clk 0:02:21]} 13. cxd5 {[%clk 0:02:49]}  exd5 {[%clk 0:02:20]} 14. Qxd5 {[%clk 0:02:31]}  Rd8 {[%clk 0:02:13]} 15. Qc4 {[%clk 0:02:10]}  Rxd2 {[%clk 0:02:11]} 16. Bxc6 {[%clk 0:02:09]}  bxc6 {[%clk 0:02:04]} 17. Qxc6 {[%clk 0:02:10]}  Rb8 {[%clk 0:02:03]} 18. e3 {[%clk 0:02:10]}  Bb7 {[%clk 0:01:58]} 19. Qc3 {[%clk 0:02:08]}  Qe4 {[%clk 0:01:42]} 20. f3 {[%clk 0:02:00]}  Qc2 {[%clk 0:01:32]} 0-1

[Event "April 9 Late 2024"]
[Site "Chess.com"]
[Date "2024.04.09"]
[Round "9"]
[White "Rees, Ioan"]
[Black "Shamsi, Mohammadhossein"]
[Result "1-0"]
[Board "98"]
[WhiteFideId "1801236"]
[BlackFideId "12507326"]
[WhiteTitle "FM"]
[BlackTitle "CM"]
[WhiteElo "2424"]
[BlackElo "2311"]
[WhiteTeam "WLS"]
[BlackTeam "IRI"]
[WhiteClock "0:00:39"]
[BlackClock "0:00:00"]
[Variant "Standard"]

1. e4 {[%clk 0:03:00]}  c6 {[%clk 0:02:52]} 2. d4 {[%clk 0:02:59]}  d5 {[%clk 0:02:48]} 3. e5 {[%clk 0:03:00]}  Bf5 {[%clk 0:02:48]} 4. h4 {[%clk 0:02:59]}  h5 {[%clk 0:02:47]} 5. Bd3 {[%clk 0:02:56]}  Bxd3 {[%clk 0:02:46]} 6. Qxd3 {[%clk 0:02:57]}  Qa5+ {[%clk 0:02:40]} 7. Nd2 {[%clk 0:02:55]}  e6 {[%clk 0:02:25]} 8. Nf3 {[%clk 0:02:51]}  c5 {[%clk 0:02:13]} 9. O-O {[%clk 0:02:44]}  Nc6 {[%clk 0:02:01]} 10. Nb3 {[%clk 0:02:38]}  Qb6 {[%clk 0:01:53]} 11. dxc5 {[%clk 0:02:31]}  Bxc5 {[%clk 0:01:46]} 12. Nxc5 {[%clk 0:02:32]}  Qxc5 {[%clk 0:01:46]} 13. Be3 {[%clk 0:02:33]}  Qa5 {[%clk 0:01:43]} 14. c3 {[%clk 0:02:32]}  Nge7 {[%clk 0:01:36]} 15. b4 {[%clk 0:02:31]}  Qc7 {[%clk 0:01:34]} 16. Bc5 {[%clk 0:02:19]}  Nxe5 {[%clk 0:01:17]} 17. Nxe5 {[%clk 0:02:20]}  Qxe5 {[%clk 0:01:18]} 18. Qb5+ {[%clk 0:02:20]}  Kf8 {[%clk 0:01:14]} 19. Qxb7 {[%clk 0:02:12]}  Re8 {[%clk 0:01:13]} 20. Qxa7 {[%clk 0:01:59]}  Rh6 {[%clk 0:01:09]} 21. Bd4 {[%clk 0:01:55]}  Qe4 {[%clk 0:01:03]} 22. g3 {[%clk 0:01:49]}  Rg6 {[%clk 0:00:59]} 23. Rae1 {[%clk 0:01:46]}  Qxh4 {[%clk 0:00:52]} 24. Kg2 {[%clk 0:01:45]}  Nf5 {[%clk 0:00:49]} 25. Bc5+ {[%clk 0:01:40]}  Kg8 {[%clk 0:00:48]} 26. Rh1 {[%clk 0:01:27]}  Qg4 {[%clk 0:00:43]} 27. Qc7 {[%clk 0:01:18]}  h4 {[%clk 0:00:43]} 28. f3 {[%clk 0:01:08]}  Qc4 {[%clk 0:00:28]} 29. g4 {[%clk 0:01:08]}  Qxa2+ {[%clk 0:00:18]} 30. Bf2 {[%clk 0:01:06]}  Qd2 {[%clk 0:00:12]} 31. Qe5 {[%clk 0:01:00]}  Qg5 {[%clk 0:00:03]} 32. Kf1 {[%clk 0:00:48]}  Ng3+ {[%clk 0:00:03]} 33. Bxg3 {[%clk 0:00:49]}  hxg3 {[%clk 0:00:04]} 34. Qxg5 {[%clk 0:00:48]}  Rxg5 {[%clk 0:00:02]} 35. Kg2 {[%clk 0:00:49]}  Rc8 {[%clk 0:00:02]} 36. Rc1 {[%clk 0:00:47]}  Rc4 {[%clk 0:00:01]} 37. Kxg3 {[%clk 0:00:47]}  Re5 {[%clk 0:00:01]} 38. Kf2 {[%clk 0:00:44]}  Rg5 {[%clk 0:00:01]} 39. Rhd1 {[%clk 0:00:40]}  e5 {[%clk 0:00:00]} 40. Rxd5 {[%clk 0:00:39]} 1-0

[Event "April 9 Late 2024"]
[Site "Chess.com"]
[Date "2024.04.09"]
[Round "9"]
[White "Hubbard, Andrew"]
[Black "Szente Varga, Fruzsina"]
[Result "1-0"]
[Board "99"]
[WhiteFideId "2031787"]
[BlackFideId "712264"]
[WhiteTitle "FM"]
[BlackTitle "WFM"]
[WhiteElo "2419"]
[BlackElo "2295"]
[WhiteTeam "USA"]
[BlackTeam "HUN"]
[WhiteClock "0:00:41"]
[BlackClock "0:00:04"]
[Variant "Standard"]

1. d4 {[%clk 0:03:00]}  Nf6 {[%clk 0:02:39]} 2. c4 {[%clk 0:02:59]}  g6 {[%clk 0:02:38]} 3. f3 {[%clk 0:02:59]}  Bg7 {[%clk 0:02:33]} 4. e4 {[%clk 0:02:59]}  d6 {[%clk 0:02:33]} 5. Nc3 {[%clk 0:03:00]}  O-O {[%clk 0:02:29]} 6. Be3 {[%clk 0:03:00]}  c5 {[%clk 0:02:29]} 7. Nge2 {[%clk 0:03:00]}  cxd4 {[%clk 0:02:28]} 8. Nxd4 {[%clk 0:02:59]}  Nc6 {[%clk 0:02:26]} 9. Qd2 {[%clk 0:02:57]}  Be6 {[%clk 0:02:15]} 10. Nxe6 {[%clk 0:02:50]}  fxe6 {[%clk 0:02:13]} 11. O-O-O {[%clk 0:02:46]}  Qa5 {[%clk 0:02:01]} 12. Kb1 {[%clk 0:02:42]}  Nd7 {[%clk 0:01:58]} 13. h4 {[%clk 0:02:20]}  Bxc3 {[%clk 0:01:36]} 14. bxc3 {[%clk 0:02:09]}  Nc5 {[%clk 0:01:20]} 15. h5 {[%clk 0:02:03]}  Na4 {[%clk 0:01:20]} 16. Rc1 {[%clk 0:02:00]}  Ne5 {[%clk 0:01:06]} 17. hxg6 {[%clk 0:01:55]}  Nxg6 {[%clk 0:01:00]} 18. Bd3 {[%clk 0:01:32]}  e5 {[%clk 0:00:55]} 19. c5 {[%clk 0:01:03]}  Nf4 {[%clk 0:00:24]} 20. Bc4+ {[%clk 0:00:56]}  Kh8 {[%clk 0:00:23]} 21. g3 {[%clk 0:00:55]}  b5 {[%clk 0:00:20]} 22. Qh2 {[%clk 0:00:43]}  h5 {[%clk 0:00:04]} 23. gxf4 {[%clk 0:00:41]} 1-0

[Event "April 9 Late 2024"]
[Site "Chess.com"]
[Date "2024.04.09"]
[Round "9"]
[White "Saim, Mohamed Ilias"]
[Black "Arnold, Ken"]
[Result "0-1"]
[Board "103"]
[WhiteFideId "7900465"]
[BlackFideId "2056836"]
[WhiteTitle "FM"]
[WhiteElo "2056"]
[BlackElo "2404"]
[WhiteTeam "ALG"]
[BlackTeam "USA"]
[WhiteClock "0:00:22"]
[BlackClock "0:00:25"]
[Variant "Standard"]

1. d4 {[%clk 0:03:00]}  Nf6 {[%clk 0:02:59]} 2. Bg5 {[%clk 0:03:01]}  e6 {[%clk 0:02:59]} 3. h4 {[%clk 0:03:01]}  h6 {[%clk 0:02:58]} 4. Bf4 {[%clk 0:03:00]}  Be7 {[%clk 0:02:58]} 5. Nd2 {[%clk 0:03:00]}  d5 {[%clk 0:02:58]} 6. f3 {[%clk 0:02:58]}  c5 {[%clk 0:02:56]} 7. c3 {[%clk 0:02:56]}  cxd4 {[%clk 0:02:55]} 8. cxd4 {[%clk 0:02:57]}  Nc6 {[%clk 0:02:55]} 9. Qa4 {[%clk 0:02:54]}  O-O {[%clk 0:02:52]} 10. O-O-O {[%clk 0:02:53]}  Bd7 {[%clk 0:02:51]} 11. e4 {[%clk 0:02:47]}  b5 {[%clk 0:02:29]} 12. Bxb5 {[%clk 0:02:46]}  dxe4 {[%clk 0:02:24]} 13. Nxe4 {[%clk 0:02:36]}  Nxe4 {[%clk 0:02:22]} 14. fxe4 {[%clk 0:02:36]}  a6 {[%clk 0:02:19]} 15. Bxc6 {[%clk 0:02:35]}  Bxc6 {[%clk 0:02:18]} 16. Qc2 {[%clk 0:02:30]}  Rc8 {[%clk 0:02:08]} 17. Kb1 {[%clk 0:02:30]}  f5 {[%clk 0:01:57]} 18. Qb3 {[%clk 0:02:24]}  Bxe4+ {[%clk 0:01:55]} 19. Ka1 {[%clk 0:02:22]}  Bd5 {[%clk 0:01:53]} 20. Qg3 {[%clk 0:02:21]}  Bf6 {[%clk 0:01:35]} 21. Ne2 {[%clk 0:02:20]}  Qa5 {[%clk 0:01:22]} 22. a3 {[%clk 0:02:15]}  Rc2 {[%clk 0:01:19]} 23. Nc3 {[%clk 0:02:09]}  Qb6 {[%clk 0:01:05]} 24. Bc1 {[%clk 0:01:27]}  Qb3 {[%clk 0:00:55]} 25. Rd2 {[%clk 0:01:02]}  Rxd2 {[%clk 0:00:37]} 26. Bxd2 {[%clk 0:01:00]}  Rc8 {[%clk 0:00:32]} 27. Kb1 {[%clk 0:00:52]}  Bxd4 {[%clk 0:00:30]} 28. Kc1 {[%clk 0:00:22]}  Be4 {[%clk 0:00:25]} 0-1

[Event "April 9 Late 2024"]
[Site "Chess.com"]
[Date "2024.04.09"]
[Round "9"]
[White "Almeida Junior, Alvaro Alves de"]
[Black "Montano Vicente, Guadalupe"]
[Result "1-0"]
[Board "106"]
[WhiteFideId "2149974"]
[BlackFideId "5181399"]
[WhiteElo "2397"]
[BlackElo "2286"]
[WhiteTeam "BRA"]
[BlackTeam "MEX"]
[WhiteClock "0:00:40"]
[BlackClock "0:00:18"]
[Variant "Standard"]

1. e4 {[%clk 0:03:00]}  c5 {[%clk 0:02:57]} 2. Nf3 {[%clk 0:03:00]}  d6 {[%clk 0:02:56]} 3. d4 {[%clk 0:02:55]}  cxd4 {[%clk 0:02:57]} 4. Nxd4 {[%clk 0:02:55]}  Nf6 {[%clk 0:02:58]} 5. Nc3 {[%clk 0:02:55]}  a6 {[%clk 0:02:57]} 6. Rg1 {[%clk 0:02:54]}  h5 {[%clk 0:02:49]} 7. Be3 {[%clk 0:02:46]}  Nc6 {[%clk 0:02:48]} 8. h3 {[%clk 0:02:46]}  Qc7 {[%clk 0:02:30]} 9. g4 {[%clk 0:02:25]}  hxg4 {[%clk 0:02:28]} 10. hxg4 {[%clk 0:02:26]}  Ne5 {[%clk 0:02:27]} 11. g5 {[%clk 0:02:17]}  Nfg4 {[%clk 0:02:24]} 12. Nd5 {[%clk 0:02:09]}  Qd8 {[%clk 0:02:16]} 13. f4 {[%clk 0:02:09]}  Nxe3 {[%clk 0:02:14]} 14. Nxe3 {[%clk 0:02:06]}  Nc6 {[%clk 0:02:14]} 15. Qd2 {[%clk 0:02:03]}  Nxd4 {[%clk 0:02:08]} 16. Qxd4 {[%clk 0:02:02]}  Bd7 {[%clk 0:02:06]} 17. O-O-O {[%clk 0:01:59]}  Rc8 {[%clk 0:02:07]} 18. g6 {[%clk 0:01:47]}  fxg6 {[%clk 0:02:00]} 19. Kb1 {[%clk 0:01:47]}  Qc7 {[%clk 0:01:48]} 20. Bc4 {[%clk 0:01:46]}  Qc5 {[%clk 0:01:47]} 21. Qxc5 {[%clk 0:01:27]}  Rxc5 {[%clk 0:01:46]} 22. Bd5 {[%clk 0:01:26]}  b5 {[%clk 0:01:44]} 23. Rxg6 {[%clk 0:01:23]}  Rh3 {[%clk 0:01:42]} 24. Re1 {[%clk 0:01:19]}  Bc6 {[%clk 0:01:35]} 25. f5 {[%clk 0:01:15]}  Bxd5 {[%clk 0:01:30]} 26. Nxd5 {[%clk 0:01:12]}  Rh2 {[%clk 0:01:29]} 27. c3 {[%clk 0:01:09]}  Kf7 {[%clk 0:01:27]} 28. Reg1 {[%clk 0:01:05]}  Re2 {[%clk 0:01:19]} 29. R1g4 {[%clk 0:01:06]}  Rc4 {[%clk 0:01:18]} 30. Re6 {[%clk 0:01:03]}  a5 {[%clk 0:01:14]} 31. a3 {[%clk 0:00:58]}  a4 {[%clk 0:00:53]} 32. Rh4 {[%clk 0:00:50]}  Rc5 {[%clk 0:00:44]} 33. Nf4 {[%clk 0:00:47]}  g5 {[%clk 0:00:22]} 34. fxg6+ {[%clk 0:00:40]}  Kg8 {[%clk 0:00:18]} 35. Nxe2 {[%clk 0:00:40]} 1-0